000 00618nam a2200217Ia 4500
003 OSt
005 20220928102429.0
006 a|||||r|||| 00| 0
007 ta
008 220927b |||||||| |||| 00| 0 eng d
024 _a112111
037 _cTextual
040 _aSDCL
_cSDCL
_beng
041 _2eng
_aeng
082 _aO-,1:g(Y15)
245 0 _aGOOD ADVICE to the ladies
_b Shewing, that the world goes and is like to go the belt way for them is to keep. (Photo copy).
260 _aLondon
_bMDCCII
300 _a15p.
_ccm.
942 _hO-,1:g(Y15)
_cTEXL
_2CC
999 _c714122
_d714122